000 00751nam a2200229Ii 4500
003 JO-AjNU
008 230605s9999||||xx |||||||||||||| ||und||
017 _a2013/9/3510
020 _a978-9957-572-57-0
040 _aJO-AjNU
_bara
_erda
_cJO-AjNU
041 _aara
050 1 4 _aPJ7866 2014
100 3 _aتأليف أبو شمسية، زياد عبد الفتاح,
_eauthor
_947711
245 0 0 _aتغريبة بلقيس الكنعانية رواية
250 _aط1
264 3 1 _aعمان: دار غيداء للنشر والتوزيع، 2014
300 _a199ص
336 _atext
_btxt
_2rdacontent
337 _aunmediated
_bn
_2rdamedia
338 _avolume
_bnc
_2rdacarrier
650 4 _aالأدب العربي - روايات
_947712
999 _aA20847
_c24415
_d24415